Central Library OPAC University of Rajshahi
Normal view MARC view

Entry Personal Name

Number of records used in: 2

001 - CONTROL NUMBER

  • control field: 3449

003 - CONTROL NUMBER IDENTIFIER

  • control field: BD-RjUL

005 - DATE AND TIME OF LATEST TRANSACTION

  • control field: 20220606132116.0

008 - FIXED-LENGTH DATA ELEMENTS

  • fixed length control field: 220606|| aca||aabn | a|a d

040 ## - CATALOGING SOURCE

  • Original cataloging agency: BD-RjUL
  • Transcribing agency: BD-RjUL

100 ## - HEADING--PERSONAL NAME

  • Personal name: Ḥāfiẓ Ibrāhīm, Muḥammad,
  • Dates associated with a name: 1872?-1932

670 ## - SOURCE DATA FOUND

  • Source citation: Work cat.: (BD-RjUL)79923: [Al-Sindoubi, Hassan] السندوبي، حسن 3446, الشعراء الثلاثة: شوقي، مطران، حافظ /alshueara' althalathati: shawqi, mitran, hafiz /, ١٣٤١ه، ١٩٢٢م